| 000 | 00366nam a22001457a 4500 | ||
|---|---|---|---|
| 005 | 20250721181743.0 | ||
| 008 | 250721b |||||||| |||| 00| 0 eng d | ||
| 020 | _a9780826450029 | ||
| 050 |
_aBS2825 _b.3 DES |
||
| 100 | _aDESROSIERS GILBERT | ||
| 245 | _aAN INTRODUCTION TO REVELATION | ||
| 260 |
_aLONDON _bCONTINUUM _cc2000 |
||
| 300 | _a129p | ||
| 942 |
_2lcc _cBK _n0 |
||
| 999 |
_c7082 _d7082 |
||